Find the Multiple Word Countries Quiz Stats

Quiz Updated Apr 25, 2018

Score 0/33 Timer 06:00
6 Plays Today
% Correct
United States
90.3%
United
Kingdom
82%
South Africa
79.8%
DRC
78.3%
New Zealand
78%
South Korea
77.4%
North Korea
76.9%
Papua New Guinea
72.3%
Saudi Arabia
70.9%
South Sudan
68.7%
Dominican Republic
66.8%
Cabo Verde
66.4%
Trinidad and Tobago
65.8%
CAR
65.4%
St. Vincent
64.4%
San Marino
63.9%
Bosnia and
Herzegovina
63.7%
% Correct
Vatican City
63%
UAE
60.7%
Rep. Congo
60%
São Tomé
58.3%
El Salvador
55.8%
Costa Rica
55%
Antigua and Barbuda
53.3%
Sri Lanka
52.9%
Côte d'Ivoire
51.1%
St. Kitts and Nevis
50.7%
Solomon Islands
48.7%
St. Lucia
48.6%
Sierra Leone
47.6%
Burkina Faso
44.3%
Equatorial Guinea
43.7%
Marshall Islands
42%

You're not logged in!

Compare scores with friends on all Sporcle quizzes.
Join for Free
OR
Log In

You Might Also Like...

Show Comments

Extras

Top Quizzes Today


Score Distribution

Your Account Isn't Verified!

In order to create a playlist on Sporcle, you need to verify the email address you used during registration. Go to your Sporcle Settings to finish the process.

Report this User

Report this user for behavior that violates our Community Guidelines.

Details: